Linkin Park songs - Statistics

General Stats
  • This quiz has been taken 227 times
    207 since last reset
  • The average score is 64 of 102
Answer Stats
Songs % Correct
Faint
93%
Heavy (feat. Kiiara)
93%
Bleed It Out
90%
CASTLE OF GLASS
90%
In The End
90%
Numb
90%
Crawling
86%
Don't Stay
83%
Figure.09
83%
Heavy Is The Crown
83%
One More Light
83%
Papercut
83%
Somewhere I Belong
83%
What I've Done
83%
From The Inside
79%
From Zero (Intro)
79%
Given Up
79%
The Emptiness Machine
79%
Breaking The Habit
76%
BURN IT DOWN
76%
One Step Closer
76%
Runaway
76%
Battle Symphony
72%
Cut The Bridge
72%
Easier To Run
72%
IGYEIH
72%
Leave Out All The Rest
72%
LOST IN THE ECHO
72%
Lying From You
72%
Two-Faced
72%
A Place For My Head
69%
By Myself
69%
Forgotten
69%
Good Things Go
69%
My December
69%
Over Each Other
69%
Points Of Authority
69%
Waiting For The End
69%
With You
69%
Casualty
66%
Final Masquerade
66%
Foreword
66%
Hands Held High
66%
IN MY REMAINS
66%
Until It's Gone
66%
Valentine's Day
66%
Cure For The Itch
62%
Good Goodbye (feat. Pusha T & Stormzy)
62%
Hit The Floor
62%
No More Sorrow
62%
Pushing Me Away
62%
Shadow Of The Day
62%
Stained
62%
Talking To Myself
62%
Burning In The Skies
59%
High Voltage
59%
In Pieces
59%
Iridescent
59%
Overflow
59%
Session
59%
Sharp Edges
59%
The Catalyst
59%
The Little Things Give You Away
59%
Across The Line
55%
A Line In The Sand
55%
All For Nothing (feat. Page Hamilton)
55%
Blackout
55%
Guilty All The Same (feat. Rakim)
55%
In Between
55%
Keys To The Kingdom
55%
Nobody's Listening
55%
POWERLESS
55%
The Messenger
55%
The Requiem
55%
Wake
55%
Wretches And Kings
55%
Drawbar (feat. Tom Morello)
52%
Invisible
52%
Nobody Can Save Me
52%
ROADS UNTRAVELED
52%
Robot Boy
52%
Fallout
48%
Rebellion (feat. Daron Malakian)
48%
Sorry For Now
48%
The Radiance
48%
TINFOIL
48%
VICTIMIZED
48%
War
48%
When They Come For Me
48%
Jornada Del Muerto
45%
No Roads Left
45%
Wastelands
45%
Blackbirds
41%
Empty Spaces
41%
Halfway Right
41%
I'LL BE GONE
41%
LIES GREED MISERY
41%
Mark The Graves
38%
UNTIL IT BREAKS
38%
SKIN TO BONE
34%
The Summoning
34%
Wisdom, Justice And Love
31%
No matching quizzes found
Score Distribution
Percent of People with Each Score
Percentile by Number Answered
Your Score History
You have not taken this quiz since the last reset